000 00368nam a2200133Ia 4500
005 20251222143140.0
008 251222s9999||||xx |||||||||||||| ||spa||
020 _a978-958-20-1029-4
082 _a372.62/M84
100 _aMontealegre Aguilar, Armando
245 0 _aEstrategias para Desarrollar Oralidad, Lectura y Escritura
264 _bMagisterio
942 _cLIB
999 _c12282
_d12282